01012cam a22002895i 4500999001700000001001000017003000900027005001700036008004100053020001800094020001500112040004100127082002000168100004200188245004100230264004100271300002900312336002600341337002800367338002700395490002400422650006500446651001000511653002700521942001200548952016200560 c23619d23591015947461EG-ScBUE20201108123458.0111004s2012 enk g 000 1 eng d a9781444723489 a1444723480 aStDuBDSbengerdacStDuBDSdEG-ScBUE04a813.54bKIN2221 aKing, Stephen,d1947-eauthor.94018110aWolves of the Calla /cStephen King. 1aLondon :bHodder & Stoughton,c2012. axxiv, 770 pages ;c20 cm atextbtxt2rdacontent aunmediatedbn2rdamedia avolumebnc2rdacarrier0 aThe dark tower ;vV 7aRoland (Fictitious character : King)vFiction.2BUEsh940182 2BUEsh bHHUUEENNcDecember2016 2ddccBB 00102ddc40708ILBaMAINbMAINc2NDd2016-12-19ePurchaseg62.00h8263l2m4o813.54 KINp000040491r2025-07-15 00:00:00s2023-12-19v77.00w2016-12-19yBB